00417nam a2200145Ia 4500008004100000082001100041082000800052245005800060245001300118260001300131300000900144942000800153999001900161952009100180231017s9999 xx 000 0 und d a625.85 bBEN 0aUse of fly ash for reconstruction of bituminous roads 0cResearch bResearch c30cm cREP c606184d606184 00104070aNITbNITd2023-10-17l0o625.85 BENpNIT-6694r2023-10-17w2023-10-17yREP